000 00587nmm a2200193Ia 4500
008 251105s9999||||xx |||||||||||||||||und||
020 _a9788492695751
041 _aspa
100 _aLäckberg, Camilla
245 0 _aCrimen en directo :
_b (Los crímenes de Fjällbacka 4)
264 _a[Madrid, España] :
_bMaeva Ediciones,
_c2010
300 _a0 páginas
490 _aLos crímenes de Fjällbacka
650 _aThriller & Suspense
700 _aLäckberg, Camilla
700 1 _a Montes Cano, Carmen
856 _uhttps://public.digitaliapublishing.com/a/31578
942 _cCF
999 _c67592
_d67592